<?xml version="1.0" encoding="UTF-8"?><?xml-stylesheet type="text/xsl" href="static/style.xsl"?><OAI-PMH xmlns="http://www.openarchives.org/OAI/2.0/" xmlns:xsi="http://www.w3.org/2001/XMLSchema-instance" xsi:schemaLocation="http://www.openarchives.org/OAI/2.0/ http://www.openarchives.org/OAI/2.0/OAI-PMH.xsd"><responseDate>2026-06-06T02:15:48Z</responseDate><request verb="GetRecord" identifier="oai:riuma.uma.es:10630/40385" metadataPrefix="marc">https://riuma.uma.es/rest/oai/request</request><GetRecord><record><header><identifier>oai:riuma.uma.es:10630/40385</identifier><datestamp>2026-02-03T11:33:35Z</datestamp><setSpec>com_10630_2254</setSpec><setSpec>col_10630_37953</setSpec></header><metadata><record xmlns="http://www.loc.gov/MARC21/slim" xmlns:dcterms="http://purl.org/dc/terms/" xmlns:doc="http://www.lyncode.com/xoai" xmlns:xsi="http://www.w3.org/2001/XMLSchema-instance" xsi:schemaLocation="http://www.loc.gov/MARC21/slim http://www.loc.gov/standards/marcxml/schema/MARC21slim.xsd">
   <leader>00925njm 22002777a 4500</leader>
   <datafield ind2=" " ind1=" " tag="042">
      <subfield code="a">dc</subfield>
   </datafield>
   <datafield ind2=" " ind1=" " tag="720">
      <subfield code="a">Rivera-González, Patricia</subfield>
      <subfield code="e">author</subfield>
   </datafield>
   <datafield ind2=" " ind1=" " tag="720">
      <subfield code="a">Martos-Moreno, Gabriel</subfield>
      <subfield code="e">author</subfield>
   </datafield>
   <datafield ind2=" " ind1=" " tag="720">
      <subfield code="a">Barrios, Vicente</subfield>
      <subfield code="e">author</subfield>
   </datafield>
   <datafield ind2=" " ind1=" " tag="720">
      <subfield code="a">Suárez-Pérez, Juan</subfield>
      <subfield code="e">author</subfield>
   </datafield>
   <datafield ind2=" " ind1=" " tag="720">
      <subfield code="a">Pavón, Francisco javier</subfield>
      <subfield code="e">author</subfield>
   </datafield>
   <datafield ind2=" " ind1=" " tag="720">
      <subfield code="a">Chowen, Julie A</subfield>
      <subfield code="e">author</subfield>
   </datafield>
   <datafield ind2=" " ind1=" " tag="720">
      <subfield code="a">Rodriguez de Fonseca, Fernando</subfield>
      <subfield code="e">author</subfield>
   </datafield>
   <datafield ind2=" " ind1=" " tag="720">
      <subfield code="a">Argente, Jesús</subfield>
      <subfield code="e">author</subfield>
   </datafield>
   <datafield ind2=" " ind1=" " tag="260">
      <subfield code="c">2021</subfield>
   </datafield>
   <datafield ind2=" " ind1=" " tag="520">
      <subfield code="a">Background: In obesity adipose tissue undergoes structural re-modelling leading to a chronic low-grade inflammatory state linked to insulin resistance (IR).&#xd;
&#xd;
Objective: We aimed to develop a clinically relevant biomarker model for stratifying IR in adolescents with obesity.&#xd;
&#xd;
Methods: Cytokines [tumour cell derived factor 1α, monocyte chemoattract protein (MCP) 1, eotaxin and fractalkine], growth factors [brain-derived neurotrophic factor, pro-fibrotic platelet-derived growth factor (PDGF-BB) and insulin-like growth factor 1] and biochemical/metabolic factors were analysed in serum of 143 pubertal patients with obesity (50% IR; 50% non-IR) and 33 controls. Factor analysis, correlation, binary logistic regression and receiver operating characteristic analysis were used to evaluate combinations of these biomarkers as possible diagnostic tools for IR.&#xd;
&#xd;
Results: Two biomarker IR models combining levels of triglycerides (TG)/HDL, eotaxin, MCP-1 and PDGF-BB in pubertal patients with obesity of both sexes were defined. Altered levels of MCP-1, eotaxin, and PDGF-BB constitute a main component that determines 27.7% of the variance explaining IR. Growth and inflammatory factors comprise two other components linked to the first, together accounting for 59.2% of the variance determining IR.&#xd;
&#xd;
Conclusions: PDGF-BB, MCP-1, eotaxin, TG and cholesterol concentrations constitute a solid panel of biomarkers associated with IR in pubertal children with obesity that could be useful in their stratification in a clinical setting for stratification.</subfield>
   </datafield>
   <datafield ind1="8" ind2=" " tag="024">
      <subfield code="a">Rivera P, Martos-Moreno GÁ, Barrios V, Suárez J, Pavón FJ, Chowen JA, Rodríguez de Fonseca F, Argente J. A combination of circulating chemokines as biomarkers of obesity-induced insulin resistance at puberty. Pediatr Obes. 2021 Feb;16(2):e12711. doi: 10.1111/ijpo.12711</subfield>
   </datafield>
   <datafield ind1="8" ind2=" " tag="024">
      <subfield code="a">https://hdl.handle.net/10630/40385</subfield>
   </datafield>
   <datafield ind1="8" ind2=" " tag="024">
      <subfield code="a">10.1111/ijpo.12711</subfield>
   </datafield>
   <datafield tag="653" ind2=" " ind1=" ">
      <subfield code="a">Obesidad</subfield>
   </datafield>
   <datafield tag="653" ind2=" " ind1=" ">
      <subfield code="a">Obesidad en adolescentes</subfield>
   </datafield>
   <datafield ind2="0" ind1="0" tag="245">
      <subfield code="a">A combination of circulating chemokines as biomarkers of obesity-induced insulin resistance at puberty</subfield>
   </datafield>
</record>
</metadata></record></GetRecord></OAI-PMH>